[Event "Novi Sad-Turkey GpA"]
[Site "Novi Sad"]
[Date "2018.08.13"]
[Round "9"]
[White "Medar, Zeljko"]
[Black "Altun, Arda"]
[Result "1/2-1/2"]
[WhiteElo "2145"]
[BlackElo "2043"]
[PlyCount "129"]
[EventDate "2018.08.07"]
[EventType "schev"]
[EventRounds "10"]
[EventCountry "SRB"]
[SourceTitle "CBM 186 Extra"]
[Source "ChessBase"]
[SourceDate "2018.08.24"]
[SourceVersion "1"]
[SourceVersionDate "2018.08.24"]
[SourceQuality "1"]

1. e4 c5 2. Nf3 Nc6 3. d3 g6 4. Be3 d6 5. c3 Bg7 6. Nbd2 e5 7. Be2 Nge7 8. 0-0 0-0 9. Nb3 f5 10. exf5 Bxf5 11. d4 cxd4 12. cxd4 e4 13. Nfd2 Kh8 14. g4 Be6 15. Nxe4 Nd5 16. Qd2 Qd7 17. h3 Rae8 18. Bg5 Nb6 19. Ng3 Bxb3 20. axb3 Nxd4 21. Bd1 Qc6 22. Be3 Ne6 23. Ra5 d5 24. Ne2 Rd8 25. Nd4 Nxd4 26. Bxd4 Nc8 27. f4 b6 28. Ra4 Rd7 29. Bf3 Ne7 30. Bg2 Qd6 31. Bxg7+ Kxg7 32. Rd4 Qf6 33. Kh1 Rfd8 34. Rd1 Nc6 35. Rxd5 Rxd5 36. Bxd5 h6 37. Qc3 Ne7 38. Qc7 Qd6 39. Qxd6 Rxd6 40. Bf3 Rxd1+ 41. Bxd1 Nd5 42. f5 gxf5 43. gxf5 Kf6 44. Bc2 Ne3 45. Bd3 Nxf5 46. Kh2 Nd4 47. b4 Nc6 48. b5 Ne5 49. Be2 Kg5 50. Kg3 Ng6 51. Kf3 Nf4 52. Bf1 Kf5 53. Ke3 Ke5 54. Kf3 h5 55. h4 Ng6 56. Kg3 Ke4 57. Bg2+ Ke3 58. Bc6 Ne7 59. Be8 Nf5+ 60. Kh3 Ng7 61. Bf7 Kf3 62. Bg6 Kf4 63. Bf7 Kf3 64. Bg6 Kf4 65. Bf7 1/2-1/2

[Event "Novi Sad-Turkey GpA"]
[Site "Novi Sad"]
[Date "2018.08.11"]
[Round "6"]
[White "Ozkan, Taha"]
[Black "Medar, Zeljko"]
[Result "0-1"]
[WhiteElo "1927"]
[BlackElo "2145"]
[PlyCount "96"]
[EventDate "2018.08.07"]
[EventType "schev"]
[EventRounds "10"]
[EventCountry "SRB"]
[SourceTitle "CBM 186 Extra"]
[Source "ChessBase"]
[SourceDate "2018.08.24"]
[SourceVersion "1"]
[SourceVersionDate "2018.08.24"]
[SourceQuality "1"]

1. d4 d6 2. c4 Nf6 3. Nc3 Bf5 4. Nf3 c6 5. e3 h6 6. Bd3 Bxd3 7. Qxd3 Nbd7 8. 0-0 e5 9. b3 Qc7 10. Bb2 Be7 11. Rac1 0-0 12. Nh4 Rfe8 13. f4 e4 14. Qd2 Qa5 15. g3 Qh5 16. Qd1 Qxd1 17. Rfxd1 d5 18. cxd5 cxd5 19. Nf5 Bf8 20. Nb5 Rec8 21. Nbd6 Rxc1 22. Rxc1 g6 23. Nxh6+ Bxh6 24. Nxb7 Nb6 25. Ba3 Rc8 26. Bc5 Bf8 27. a4 Rc7 28. Na5 Nfd7 29. Ba3 Rxc1+ 30. Bxc1 Nb8 31. Bd2 f5 32. Kf2 Kf7 33. g4 fxg4 34. Kg3 N6d7 35. Kxg4 Nf6+ 36. Kg5 Be7 37. f5 Ng8+ 38. Kg4 Nh6+ 39. Kf4 Bd6+ 40. Kg5 Nxf5 41. h4 Be7+ 42. Kf4 Kf6 43. Kg4 Bd6 44. Nb7 Bg3 45. b4 Bxh4 46. Nc5 Bf2 47. b5 Bxe3 48. Bb4 Bxd4 0-1

[Event "SRB-chT2 Vojvodina League"]
[Site "Kac"]
[Date "2012.10.20"]
[Round "10"]
[White "Okilj, Tigran"]
[Black "Medar, Zeljko"]
[Result "1-0"]
[WhiteElo "2089"]
[BlackElo "2229"]
[PlyCount "107"]
[EventDate "2012.10.14"]
[EventType "team-swiss"]
[EventRounds "11"]
[EventCountry "SRB"]
[SourceTitle "EXT 2015"]
[Source "ChessBase"]
[SourceDate "2014.11.20"]
[SourceVersion "1"]
[SourceVersionDate "2014.11.20"]
[SourceQuality "1"]

1. d4 d6 2. Nf3 Nf6 3. c4 h6 4. Nc3 Bf5 5. h3 c6 6. Qb3 Qb6 7. Bf4 Nbd7 8. e3 e6 9. Be2 Be7 10. 0-0 Bh7 11. Bh2 0-0 12. Rfd1 Qxb3 13. axb3 d5 14. Rdc1 Ne4 15. Nxe4 Bxe4 16. Nd2 Bg6 17. c5 a6 18. b4 Rfe8 19. Nb3 Bd8 20. b5 Nb8 21. b6 Re7 22. Na5 f6 23. Bd6 Rd7 24. Ra3 Bxb6 25. cxb6 Rxd6 26. Nxb7 Rd7 27. Nc5 Re7 28. Nxa6 Rb7 29. Nc5 Rxa3 30. bxa3 Rxb6 31. a4 Rb2 32. Bf1 Ra2 33. Rc3 Be8 34. Nxe6 Rxa4 35. Bd3 Rb4 36. Ra3 Bf7 37. Nc5 g6 38. Ra7 f5 39. Kh2 Kg7 40. Ra8 Be8 41. Kg3 Kf6 42. Ra7 Rb2 43. h4 Bf7 44. Rc7 Be6 45. Rh7 h5 46. Rc7 Rb6 47. Be2 Rb1 48. Bd3 Rb2 49. Ra7 Rb6 50. f3 Rb2 51. Kf4 Rb4 52. g3 Rb2 53. e4 dxe4 54. fxe4 1-0

[Event "Vojvodina-chT2"]
[Site "Vrbas"]
[Date "2011.09.26"]
[Round "3"]
[White "Ivanovic, Miroslav"]
[Black "Medar, Zeljko"]
[Result "1/2-1/2"]
[WhiteElo "2177"]
[BlackElo "2219"]
[PlyCount "86"]
[EventDate "2011.09.25"]
[EventType "team-tourn"]
[EventRounds "11"]
[EventCountry "SRB"]
[SourceTitle "CBM 144 Extra"]
[Source "ChessBase"]
[SourceDate "2011.10.28"]
[SourceVersion "1"]
[SourceVersionDate "2011.10.28"]
[SourceQuality "1"]

1. c4 Nf6 2. Nc3 d6 3. g3 c6 4. Bg2 e5 5. Nf3 h6 6. 0-0 Be6 7. d4 Nbd7 8. d5 cxd5 9. cxd5 Bf5 10. Nh4 Bh7 11. e4 a6 12. Nf5 Bxf5 13. exf5 Be7 14. Be3 0-0 15. h3 Rc8 16. Qe2 Nb6 17. Rad1 Nc4 18. Bc1 Qa5 19. Be4 b5 20. Bd3 Qc7 21. Ne4 Nb6 22. Nxf6+ Bxf6 23. Qe4 Na4 24. Bb1 Qc4 25. Qg2 Qc7 26. h4 Rfe8 27. Rfe1 Kf8 28. g4 Bxh4 29. g5 Bxg5 30. Bxg5 hxg5 31. Qxg5 Qe7 32. Qh5 Qf6 33. Rc1 Ke7 34. Rc6 Nxb2 35. Rec1 Nc4 36. Rxa6 Rc7 37. a4 Rh8 38. Qxh8 Qg5+ 39. Kh2 Qf4+ 40. Kg2 Qg4+ 41. Kh1 Qf3+ 42. Kg1 Qg4+ 43. Kh1 Qf3+ 1/2-1/2

[Event "Vojvodina-chT"]
[Site "Sombor"]
[Date "2008.10.07"]
[Round "10"]
[White "Vukic, Radivoje"]
[Black "Medar, Zeljko"]
[Result "1-0"]
[WhiteElo "2333"]
[BlackElo "2184"]
[PlyCount "81"]
[EventDate "2008.10.01"]
[EventType "team-tourn"]
[EventRounds "11"]
[EventCountry "YUG"]
[SourceTitle "EXT 2010"]
[Source "ChessBase"]
[SourceDate "2010.11.25"]
[SourceVersion "1"]
[SourceVersionDate "2010.11.25"]
[SourceQuality "1"]

1. Nf3 Nf6 2. c4 d6 3. d4 c6 4. Nc3 Bf5 5. Nh4 Bd7 6. e4 Qa5 7. Bd2 Qb6 8. Nf3 Bg4 9. d5 Nbd7 10. Qb1 Bxf3 11. gxf3 g6 12. Be3 Qc7 13. Be2 Bg7 14. Qd1 0-0 15. Rc1 a6 16. f4 e6 17. dxe6 fxe6 18. h4 Rf7 19. h5 Nxh5 20. Bxh5 gxh5 21. Qxh5 Nf8 22. Rg1 b5 23. c5 d5 24. e5 Qa5 25. Kf1 b4 26. Ne2 Qb5 27. Kg2 Qd3 28. Kh2 Qe4 29. Rg4 Ng6 30. Nd4 Re8 31. Rcg1 Ree7 32. Nxc6 d4 33. Nxe7+ Rxe7 34. Bc1 Qf3 35. R1g2 Qd1 36. Rh4 Qxc1 37. Qxh7+ Kf8 38. Qxg6 Rf7 39. Qg5 Ke8 40. Rh7 Bxe5 41. Qg8+ 1-0

[Event "Vojvodina-chT"]
[Site "Sombor"]
[Date "2008.10.06"]
[Round "9"]
[White "Medar, Zeljko"]
[Black "Kostic, Branimir"]
[Result "0-1"]
[WhiteElo "2184"]
[BlackElo "2289"]
[PlyCount "56"]
[EventDate "2008.10.01"]
[EventType "team-tourn"]
[EventRounds "11"]
[EventCountry "YUG"]
[SourceTitle "EXT 2010"]
[Source "ChessBase"]
[SourceDate "2010.11.25"]
[SourceVersion "1"]
[SourceVersionDate "2010.11.25"]
[SourceQuality "1"]

1. d4 Nf6 2. Nf3 e6 3. e3 b6 4. Bd3 Bb7 5. Nbd2 d5 6. Ne5 Bd6 7. f4 Ne4 8. 0-0 0-0 9. Qh5 f5 10. Ndf3 Nd7 11. Bxe4 Nf6 12. Qh4 Nxe4 13. Qxd8 Rfxd8 14. Bd2 Bxe5 15. dxe5 c5 16. Rad1 Rd7 17. Bc1 Rad8 18. c3 Ba6 19. Rfe1 Bc4 20. b3 Nxc3 21. bxc4 Nxd1 22. Rxd1 dxc4 23. Rxd7 Rxd7 24. Kf2 Rd1 25. Bd2 h6 26. Bc3 Rc1 27. Bd2 Rc2 28. Ke1 c3 0-1

[Event "Belgrade Trophy 20th"]
[Site "Belgrade"]
[Date "2007.11.30"]
[Round "9"]
[White "Medar, Zeljko"]
[Black "Nikolic, Marko"]
[Result "0-1"]
[WhiteElo "2191"]
[BlackElo "2037"]
[PlyCount "60"]
[EventDate "2007.11.22"]
[EventType "swiss"]
[EventRounds "9"]
[EventCountry "YUG"]
[SourceTitle "CBM 121 Extra"]
[Source "ChessBase"]
[SourceDate "2008.01.10"]
[SourceVersion "1"]
[SourceVersionDate "2008.01.10"]
[SourceQuality "1"]

1. d4 c5 2. dxc5 Qa5+ 3. Nc3 e6 4. Nf3 Nf6 5. e4 Nxe4 6. Qd4 Nxc3 7. bxc3 Qxc5 8. Qd3 Be7 9. a4 Qc7 10. Be3 Nc6 11. Be2 0-0 12. Ng5 Bxg5 13. Bxg5 d5 14. 0-0 Ne7 15. a5 h6 16. Bd2 e5 17. f4 e4 18. Qd4 Be6 19. g4 f5 20. g5 hxg5 21. fxg5 f4 22. c4 f3 23. cxd5 Bxd5 24. Bc3 Rf7 25. Bb5 Rc8 26. Bb4 Rd8 27. c4 Bc6 28. Qxa7 Qf4 29. Kh1 e3 30. Bxe7 Rd2 0-1

[Event "Vojvodina Cup"]
[Site "Banja Junakovic"]
[Date "2007.04.30"]
[Round "4.4"]
[White "Kostic, V Vladimir"]
[Black "Medar, Zeljko"]
[Result "1/2-1/2"]
[WhiteElo "2327"]
[BlackElo "2197"]
[PlyCount "112"]
[EventDate "2007.04.28"]
[EventType "team"]
[EventRounds "5"]
[EventCountry "YUG"]
[SourceTitle "EXT 2008"]
[Source "ChessBase"]
[SourceDate "2007.11.25"]
[SourceVersion "1"]
[SourceVersionDate "2007.11.25"]
[SourceQuality "1"]

1. c4 Nf6 2. g3 c6 3. Nf3 d6 4. d4 Nbd7 5. Nc3 e5 6. e4 Qc7 7. Bg2 Be7 8. 0-0 0-0 9. h3 Re8 10. Be3 a6 11. Rc1 Bf8 12. Qd2 Qb8 13. Qc2 h6 14. Rfd1 b5 15. b3 Bb7 16. d5 cxd5 17. cxd5 Rc8 18. Qb1 b4 19. Na4 a5 20. Bf1 Ba6 21. Bxa6 Rxa6 22. Rxc8 Qxc8 23. Rc1 Qb8 24. Qd3 Ra8 25. Nd2 Qb7 26. Rc6 Rc8 27. Qc4 Nc5 28. Bxc5 dxc5 29. Nxc5 Rxc6 30. Nxb7 Rxc4 31. bxc4 a4 32. c5 Nd7 33. d6 Nb8 34. Kf1 Nc6 35. Ke2 b3 36. a3 f6 37. Kd3 Kf7 38. Kc4 Ke6 39. Nb1 Kd7 40. Kd5 g6 41. g4 h5 42. Nc3 b2 43. Nb1 hxg4 44. hxg4 Bh6 45. f3 Be3 46. Nc3 Bd2 47. Nxa4 Ne7+ 48. Kc4 b1Q 49. Nb6+ Ke8 50. d7+ Kf7 51. Nd6+ Kg7 52. d8Q Qf1+ 53. Kb3 Qd3+ 54. Ka4 Qa6+ 55. Kb3 Qd3+ 56. Ka4 Qa6+ 1/2-1/2

[Event "SCG-chT Vojvodina"]
[Site "Sombor"]
[Date "2004.10.02"]
[Round "10.3"]
[White "Medar, Zeljko"]
[Black "Kolognat, Petar"]
[Result "1-0"]
[WhiteElo "2183"]
[BlackElo "2301"]
[PlyCount "69"]
[EventDate "2004.09.25"]
[EventType "team"]
[EventRounds "11"]
[EventCountry "YUG"]
[SourceTitle "CBM 102 Extra"]
[Source "ChessBase"]
[SourceDate "2004.11.03"]
[SourceVersion "1"]
[SourceVersionDate "2004.11.03"]
[SourceQuality "1"]
[WhiteTeam "10"]
[BlackTeam "11"]
[WhiteTeamCountry "YUG"]
[BlackTeamCountry "YUG"]

1. Nf3 Nf6 2. c3 e6 3. d3 d5 4. Nbd2 c5 5. e4 Nc6 6. Be2 Be7 7. 0-0 0-0 8. Re1 h6 9. Bf1 dxe4 10. dxe4 Qc7 11. a4 e5 12. h3 Be6 13. Nc4 Rad8 14. Qc2 b6 15. Bd2 Rfe8 16. Ne3 Bf8 17. Bb5 Bd7 18. Nd5 Nxd5 19. exd5 Nb8 20. c4 a5 21. Bc3 Bd6 22. Re2 Bxb5 23. axb5 Nd7 24. Rae1 f6 25. Nh4 Nf8 26. Nf5 Qd7 27. f4 e4 28. Nxd6 Qxd6 29. Rxe4 Rxe4 30. Qxe4 Ra8 31. Bd2 a4 32. Bc1 Kf7 33. f5 g5 34. fxg6+ Nxg6 35. Qf5 1-0

[Event "SCG-chT Vojvodina"]
[Site "Sombor"]
[Date "2004.10.01"]
[Round "9.2"]
[White "Medar, Zeljko"]
[Black "Popov, Sinisa S"]
[Result "1/2-1/2"]
[WhiteElo "2183"]
[BlackElo "2459"]
[PlyCount "53"]
[EventDate "2004.09.25"]
[EventType "team"]
[EventRounds "11"]
[EventCountry "YUG"]
[SourceTitle "CBM 102 Extra"]
[Source "ChessBase"]
[SourceDate "2004.11.03"]
[SourceVersion "1"]
[SourceVersionDate "2004.11.03"]
[SourceQuality "1"]
[WhiteTeam "10"]
[BlackTeam "02"]
[WhiteTeamCountry "YUG"]
[BlackTeamCountry "YUG"]

1. Nf3 Nf6 2. d3 d5 3. c3 Nbd7 4. Bf4 g6 5. Qc2 Bg7 6. e4 0-0 7. h3 dxe4 8. dxe4 e5 9. Be3 Qe7 10. Nbd2 Nc5 11. b4 Ne6 12. Nxe5 a5 13. Rb1 axb4 14. cxb4 Nh5 15. Nef3 Ra3 16. Rb3 Rxb3 17. Qxb3 c5 18. bxc5 Nxc5 19. Qc2 b6 20. Be2 Bb7 21. e5 Rc8 22. 0-0 Ne4 23. Qb3 Nxd2 24. Bxd2 Bxe5 25. Nxe5 Qxe5 26. Bf3 Bxf3 27. Qxf3 1/2-1/2

[Event "SCG-chT Vojvodina"]
[Site "Sombor"]
[Date "2004.09.28"]
[Round "6.2"]
[White "Perisic, Radivoj"]
[Black "Medar, Zeljko"]
[Result "1-0"]
[WhiteElo "2402"]
[BlackElo "2183"]
[PlyCount "49"]
[EventDate "2004.09.25"]
[EventType "team"]
[EventRounds "11"]
[EventCountry "YUG"]
[SourceTitle "CBM 102 Extra"]
[Source "ChessBase"]
[SourceDate "2004.11.03"]
[SourceVersion "1"]
[SourceVersionDate "2004.11.03"]
[SourceQuality "1"]
[WhiteTeam "06"]
[BlackTeam "10"]
[WhiteTeamCountry "YUG"]
[BlackTeamCountry "YUG"]

1. e4 c5 2. Nf3 e6 3. d4 cxd4 4. Nxd4 a6 5. Bd3 Nc6 6. Nxc6 dxc6 7. 0-0 e5 8. Nd2 Nf6 9. Nc4 Qc7 10. Be3 Nd7 11. f4 b5 12. Nxe5 Nxe5 13. fxe5 Qxe5 14. Qf3 Be6 15. Bf4 Qc5+ 16. Kh1 h5 17. e5 Rc8 18. Be4 Qb6 19. a4 b4 20. Bg5 Be7 21. Bxe7 Kxe7 22. Rad1 Qc5 23. Qf4 Ke8 24. Rd6 Rf8 25. Qg5 1-0

[Event "SCG-chT Vojvodina"]
[Site "Sombor"]
[Date "2004.09.27"]
[Round "4.2"]
[White "Popov, Ivan"]
[Black "Medar, Zeljko"]
[Result "1/2-1/2"]
[WhiteElo "2255"]
[BlackElo "2183"]
[PlyCount "81"]
[EventDate "2004.09.25"]
[EventType "team"]
[EventRounds "11"]
[EventCountry "YUG"]
[SourceTitle "CBM 102 Extra"]
[Source "ChessBase"]
[SourceDate "2004.11.03"]
[SourceVersion "1"]
[SourceVersionDate "2004.11.03"]
[SourceQuality "1"]
[WhiteTeam "12"]
[BlackTeam "10"]
[WhiteTeamCountry "YUG"]
[BlackTeamCountry "YUG"]

1. e4 c5 2. Nf3 e6 3. d4 cxd4 4. Nxd4 a6 5. Nc3 Qc7 6. Bd3 Nc6 7. Be3 Nf6 8. 0-0 Ne5 9. h3 Nc4 10. Bxc4 Qxc4 11. Qd3 Qxd3 12. cxd3 d6 13. Rac1 Be7 14. f4 0-0 15. f5 Bd7 16. g4 h6 17. Kf2 Nh7 18. Kg3 Rac8 19. a3 Bf6 20. h4 Rfe8 21. Nde2 d5 22. fxe6 Bxe6 23. Bd4 dxe4 24. Nxe4 Bxd4 25. Nxd4 Rcd8 26. Nxe6 Rxd3+ 27. Rf3 Rxf3+ 28. Kxf3 Rxe6 29. Rc8+ Nf8 30. Nc5 Re7 31. Rb8 Rc7 32. b4 a5 33. Rxb7 Rxb7 34. Nxb7 axb4 35. axb4 Nd7 36. Nc5 Nb6 37. Ke4 Kf8 38. Kd4 Ke7 39. Ne4 Ke6 40. Nc5+ Kd6 41. Ne4+ 1/2-1/2

[Event "SCG-chT Vojvodina"]
[Site "Sombor"]
[Date "2004.09.26"]
[Round "3.2"]
[White "Medar, Zeljko"]
[Black "Sanduleac, Vasile"]
[Result "0-1"]
[WhiteElo "2183"]
[BlackElo "2492"]
[PlyCount "106"]
[EventDate "2004.09.25"]
[EventType "team"]
[EventRounds "11"]
[EventCountry "YUG"]
[SourceTitle "CBM 102 Extra"]
[Source "ChessBase"]
[SourceDate "2004.11.03"]
[SourceVersion "1"]
[SourceVersionDate "2004.11.03"]
[SourceQuality "1"]
[WhiteTeam "10"]
[BlackTeam "01"]
[WhiteTeamCountry "YUG"]
[BlackTeamCountry "YUG"]

1. d4 d5 2. Nf3 c6 3. e3 Bg4 4. h3 Bxf3 5. Qxf3 Nf6 6. Nd2 Nbd7 7. c3 e5 8. dxe5 Nxe5 9. Qf5 Bd6 10. Be2 0-0 11. Qc2 Qe7 12. Nf3 Nxf3+ 13. gxf3 b5 14. Bd2 a5 15. Qf5 a4 16. Rg1 Qe5 17. Qd3 Rfb8 18. a3 Bf8 19. Qd4 Qe6 20. Qh4 g6 21. Bd3 Bg7 22. Kf1 Nd7 23. f4 f5 24. f3 Nc5 25. Bc2 Nb3 26. Rd1 d4 27. exd4 Nxd4 28. cxd4 Qc4+ 29. Kg2 Qxc2 30. Qf2 Qxb2 31. Bb4 Qxf2+ 32. Kxf2 Kf7 33. d5 cxd5 34. Rxd5 Rd8 35. Rgd1 Bf6 36. Ke2 Re8+ 37. Kf1 Rad8 38. Rd7+ Kg8 39. R1d5 Rxd7 40. Rxd7 Re3 41. Kf2 Rb3 42. Rb7 Bb2 43. Rb8+ Kf7 44. Rb7+ Ke6 45. Rxb5 Bxa3 46. Re5+ Kd7 47. Bxa3 Rxa3 48. Ra5 Kc6 49. Ra8 Ra1 50. Ra7 Kb6 51. Ra8 Kb5 52. Ra7 Rc1 53. h4 Rc6 0-1

[Event "YUG-chT2"]
[Site "Tivat"]
[Date "1995.??.??"]
[Round "5"]
[White "Marinkovic, Ivan"]
[Black "Medar, Zeljko"]
[Result "1-0"]
[WhiteElo "2450"]
[BlackElo "2300"]
[PlyCount "117"]
[EventDate "1995.??.??"]
[EventType "team"]
[EventRounds "11"]
[EventCountry "YUG"]
[SourceTitle "EXT 2002"]
[Source "ChessBase"]
[SourceDate "2001.11.25"]
[SourceVersion "1"]
[SourceVersionDate "2001.11.25"]
[SourceQuality "1"]

1. e4 e6 2. d4 d5 3. Nd2 Nc6 4. Ngf3 Nf6 5. e5 Nd7 6. Bd3 Be7 7. 0-0 Nb4 8. Be2 c5 9. c3 Nc6 10. Re1 0-0 11. Nf1 Qb6 12. Bd3 g6 13. Bc2 Re8 14. h4 cxd4 15. cxd4 h5 16. N1h2 Kg7 17. a3 Rh8 18. Rb1 Qd8 19. Bg5 Bxg5 20. Nxg5 Ne7 21. Re3 Nf8 22. Nhf3 Bd7 23. Rc1 Rc8 24. Bb1 Rxc1 25. Qxc1 Nf5 26. Rb3 Bc6 27. g3 Qa5 28. Rc3 Qb6 29. Qd2 a6 30. Nh3 Qd8 31. Nf4 Qe7 32. Bd3 Nd7 33. Bxa6 f6 34. exf6+ Qxf6 35. Bd3 Re8 36. Bxf5 exf5 37. Re3 Re4 38. Ng5 Rxe3 39. Qxe3 Nb6 40. Nfe6+ Kg8 41. Qf4 Qe7 42. Qb8+ Qe8 43. Qc7 Nd7 44. Kg2 Qb8 45. Qxb8+ Nxb8 46. Kf3 Nd7 47. Kf4 b6 48. b3 Nf6 49. Ke5 Ng4+ 50. Kd6 Bb5 51. f3 Ne3 52. Nc7 Be2 53. Nxd5 Nf1 54. Nxb6 Nxg3 55. f4 Bd1 56. b4 Ne2 57. Ke5 Nc1 58. d5 Nd3+ 59. Kf6 1-0

[Event "YUG-chT2"]
[Site "Tivat"]
[Date "1995.??.??"]
[Round "1"]
[White "Medar, Zeljko"]
[Black "Kurcubic, Aleksandar"]
[Result "0-1"]
[WhiteElo "2300"]
[BlackElo "2270"]
[PlyCount "56"]
[EventDate "1995.??.??"]
[EventType "team"]
[EventRounds "11"]
[EventCountry "YUG"]
[SourceTitle "EXT 2002"]
[Source "ChessBase"]
[SourceDate "2001.11.25"]
[SourceVersion "1"]
[SourceVersionDate "2001.11.25"]
[SourceQuality "1"]

1. d4 Nf6 2. Nf3 e6 3. c4 b6 4. g3 Ba6 5. b3 Bb4+ 6. Bd2 Be7 7. Nc3 d5 8. cxd5 exd5 9. Qc2 0-0 10. e3 Bxf1 11. Kxf1 c5 12. dxc5 bxc5 13. Rd1 Qc8 14. Kg2 Na6 15. Bc1 Rd8 16. Rhe1 Nb4 17. Qe2 Qc7 18. a3 Nc6 19. Rd2 Qb7 20. Qd1 d4 21. exd4 Nxd4 22. Rd3 Ne6 23. Ne2 Bf8 24. Nf4 Rxd3 25. Qxd3 Rd8 26. Qe3 Nd4 27. Rd1 Ng4 28. Qc3 Ne5 0-1

[Event "Novi Sad op"]
[Site "Novi Sad"]
[Date "1989.??.??"]
[Round "1"]
[White "Medar, Zeljko"]
[Black "Berkovich, Mark A"]
[Result "1/2-1/2"]
[WhiteElo "2230"]
[BlackElo "2315"]
[PlyCount "54"]
[EventDate "1989.??.??"]
[EventType "swiss"]
[EventRounds "9"]
[EventCountry "YUG"]
[SourceTitle "EXT 2000"]
[Source "ChessBase"]
[SourceDate "1999.11.16"]
[SourceVersion "1"]
[SourceVersionDate "1999.11.16"]
[SourceQuality "1"]

1. d4 f5 2. g3 Nf6 3. Bg2 d6 4. c4 e5 5. dxe5 dxe5 6. Qxd8+ Kxd8 7. Nc3 c6 8. Nf3 e4 9. Ng5 Ke8 10. f3 h6 11. Nh3 exf3 12. exf3 g5 13. b3 Kf7 14. Bb2 Bc5 15. 0-0-0 Be6 16. Rhe1 Na6 17. a3 Rhd8 18. Re2 Rxd1+ 19. Nxd1 Bb6 20. Nhf2 Nc5 21. Kc2 a5 22. a4 Rd8 23. Bc3 f4 24. gxf4 gxf4 25. Rd2 Bf5+ 26. Kb2 Nd3+ 27. Nxd3 Rxd3 1/2-1/2

[Event "Novi Sad op"]
[Site "Novi Sad"]
[Date "1989.??.??"]
[Round "8"]
[White "Miladinovic, Igor"]
[Black "Medar, Zeljko"]
[Result "1-0"]
[WhiteElo "2350"]
[BlackElo "2230"]
[PlyCount "67"]
[EventDate "1989.??.??"]
[EventType "swiss"]
[EventRounds "9"]
[EventCountry "YUG"]
[SourceTitle "EXT 2000"]
[Source "ChessBase"]
[SourceDate "1999.11.16"]
[SourceVersion "1"]
[SourceVersionDate "1999.11.16"]
[SourceQuality "1"]

1. d4 Nf6 2. c4 d6 3. Nc3 c6 4. e4 Nbd7 5. Nf3 e5 6. Be2 Be7 7. 0-0 Qc7 8. Rb1 0-0 9. b4 a6 10. Qb3 b6 11. Bg5 h6 12. Be3 Rb8 13. h3 Re8 14. d5 c5 15. a3 Nh7 16. Qa4 Rf8 17. Qc6 Qa7 18. bxc5 Nxc5 19. Bxc5 bxc5 20. Rxb8 Qxb8 21. Rb1 Qa7 22. Bd1 Nf6 23. Nd2 Rd8 24. Na4 Ne8 25. Bg4 Qc7 26. Qxc7 Nxc7 27. Bxc8 Rxc8 28. Rb7 Bg5 29. Nb3 Nb5 30. cxb5 axb5 31. Rxb5 Ra8 32. Nb6 Rxa3 33. Nc4 Ra6 34. Nba5 1-0

[Event "Novi Sad op"]
[Site "Novi Sad"]
[Date "1988.??.??"]
[Round "9"]
[White "Ilic, Dragan M"]
[Black "Medar, Zeljko"]
[Result "0-1"]
[WhiteElo "2420"]
[BlackElo "2285"]
[PlyCount "58"]
[EventDate "1988.07.01"]
[EventType "swiss"]
[EventRounds "11"]
[EventCountry "YUG"]
[SourceTitle "EXT 1997"]
[Source "ChessBase"]
[SourceDate "1996.11.15"]
[SourceVersion "1"]
[SourceVersionDate "1996.11.15"]
[SourceQuality "1"]

1. d4 Nf6 2. c4 d6 3. Nc3 c6 4. e4 Nbd7 5. Nf3 e5 6. Be2 Be7 7. 0-0 Qc7 8. Re1 0-0 9. Bf1 Re8 10. Bg5 a6 11. Rc1 h6 12. Bh4 Nf8 13. h3 Ng6 14. Bxf6 Bxf6 15. d5 c5 16. a3 Nf4 17. Kh2 g5 18. g3 Ng6 19. Nd2 a5 20. b4 b6 21. Be2 Qd7 22. Bh5 Qxh3+ 23. Kg1 g4 24. Bxg6 Kg7 25. Nf1 fxg6 26. f3 Rh8 27. Rc2 Qh1+ 28. Kf2 Bg5 29. Qd3 gxf3 0-1

[Event "Novi Sad op"]
[Site "Novi Sad"]
[Date "1988.??.??"]
[Round "2"]
[White "Medar, Zeljko"]
[Black "Laketic, Gojko"]
[Result "0-1"]
[WhiteElo "2285"]
[BlackElo "2400"]
[PlyCount "64"]
[EventDate "1988.07.01"]
[EventType "swiss"]
[EventRounds "11"]
[EventCountry "YUG"]
[SourceTitle "EXT 1997"]
[Source "ChessBase"]
[SourceDate "1996.11.15"]
[SourceVersion "1"]
[SourceVersionDate "1996.11.15"]
[SourceQuality "1"]

1. Nf3 Nf6 2. d4 e6 3. g3 b6 4. Bg2 Bb7 5. 0-0 Be7 6. c4 0-0 7. Nc3 Ne4 8. Qc2 Nxc3 9. Qxc3 c5 10. dxc5 bxc5 11. Bf4 d6 12. Rad1 Qc7 13. h4 Nc6 14. Qd3 Rad8 15. Ng5 Bxg5 16. hxg5 Nd4 17. b3 Rfe8 18. Be4 Bxe4 19. Qxe4 Qa5 20. Kg2 d5 21. Qb1 Nxe2 22. Be5 Nc3 23. Qc2 Ne4 24. Rh1 Nxg5 25. Rh5 f6 26. Rxg5 fxe5 27. Rxe5 Qc7 28. f4 Qc6 29. Rh1 dxc4+ 30. Kf2 Rd3 31. Reh5 Qf3+ 32. Ke1 Red8 0-1